00537cam a22001452 4500001001100000005001700011008004100028020001700069040001500086245009600101250001600197260005200213300003100265650009500296000002519120151217160134.0150224s xx 000 0 eng d a0134364198 : aKABUcKABU10aPrentice Hall literature :btimeless voices, timeless themes /cby Don Graham, ... [etal.]. aPenguin ed. aUpper Saddle River :bPearson Education,c2000. a 1 vol. (various paging) ; 0aAmerican literaturexstudy and teaching (secondary)xproblems, exercises, etc.@0000185422